Conservación arqueológica : el caso del Sitio La Huerta, Jujuy, Argentina /

En este trabajo se describen las actividades de conservación aplicadas a una olla cerámica y su contenido, hallados en el sitio La Huerta, provincia de Jujuy, Argentina, que tuvieron como objetivo prolongar la vida útil de los mismos. La propuesta metodológica siguió los principios de mínima interve...

Descripción completa

Detalles Bibliográficos
Autor principal: Pérez Reynoso, Norma
Otros Autores: Capizzi, Licia, Di Lorenzo, Silvana
Formato: Analitica de revista
Lenguaje:español
Publicado: Santiago, Chile Centro Nacional de Conservación y Restauración 2006
Materias:

MARC

LEADER 00000cab a2200000 a 4500
001 029174
003 UAHC_CL
005 20170803123034.0
008 140120s2006 cl 000 spa
040 |a UAHC_CL  |c UAHC_CL  |d UAHC_CL 
100 1 |a Pérez Reynoso, Norma 
245 1 0 |a Conservación arqueológica :  |b el caso del Sitio La Huerta, Jujuy, Argentina /  |c Norma Pérez Reynoso, Silvana Di Lorenzo y Licia Capizzi. 
260 |b Centro Nacional de Conservación y Restauración  |c 2006  |a Santiago, Chile 
300 |a pp. 103-116 
310 |a Anual. 
362 0 |a Año 1, no. 1 (nov. 2002)- . 
362 0 |a Año 1, no. 1 (nov. 2002)- . 
500 |a En: Conserva. no. 10, 2006. pp. 103-116. ISSN. 0717-3539. 
520 |a En este trabajo se describen las actividades de conservación aplicadas a una olla cerámica y su contenido, hallados en el sitio La Huerta, provincia de Jujuy, Argentina, que tuvieron como objetivo prolongar la vida útil de los mismos. La propuesta metodológica siguió los principios de mínima intervención, orientada a preservar en los objetos los rasgos que pueden proporcionar información sobre el contexto cultural.\Se puso especial énfasis en la confección de soportes como medio de protección a los mismos durante el traslado, reserva y exhibición. 
520 |a En este trabajo se describen las actividades de conservación aplicadas a una olla cerámica y su contenido, hallados en el sitio La Huerta, provincia de Jujuy, Argentina, que tuvieron como objetivo prolongar la vida útil de los mismos. La propuesta metodológica siguió los principios de mínima intervención, orientada a preservar en los objetos los rasgos que pueden proporcionar información sobre el contexto cultural.\Se puso especial énfasis en la confección de soportes como medio de protección a los mismos durante el traslado, reserva y exhibición. 
520 |a En este trabajo se describen las actividades de conservaciÛn aplicadas a una olla cer·mica y su contenido, hallados en el sitio La Huerta, provincia de Jujuy, Argentina, que tuvieron como objetivo prolongar la vida útil de los mismos. La propuesta metodolÛgica siguiÛ los principios de mÌnima intervenciÛn, orientada a preservar en los objetos los rasgos que pueden proporcionar informaciÛn sobre el contexto cultural.\Se puso especial Ènfasis en la confecciÛn de soportes como medio de protecciÛn a los mismos durante el traslado, reserva y exhibiciÛn. 
650 4 |a CONSERVACION Y RESTAURACION DE OBJETOS DE ARTE  |z ARGENTINA 
650 4 |a CERAMICA  |x CONSERVACION Y RESTAURACION  |z ARGENTINA 
653 |a LICENCIATURA EN HISTORIA 
653 |a PEDAGOGIA EN HISTORIA Y CIENCIAS SOCIALES 
700 1 |a Capizzi, Licia 
700 1 |a Di Lorenzo, Silvana 
759 |a PP041 
773 0 |t Conserva : Revista del Centro Nacional de Conservación y Restauración  |w 029128 
900 |a CONSERVA-10/06 
942 |c REVA 
952 |0 0  |1 0  |4 0  |6 CONSERVA_10_06_000000000000000  |7 0  |8 General  |9 57386  |a BC  |b BC  |c General  |d 2017-08-03  |l 0  |o CONSERVA-10/06  |p FICTICIO19037  |r 2019-01-08 00:00:00  |t 1  |w 2017-08-03  |y REVA 
999 |c 29174  |d 29174